Countries with the Tallest People - Statistics

General Stats
  • This quiz has been taken 19 times
  • The average score is 19 of 24
Answer Stats
Country Height (cm.) Height (ft.) % Correct
Belgium 179.09 5' 11"
100%
Finland 180.57 5' 11"
100%
Sweden 180.46 5' 11"
100%
Germany 180.28 5' 11"
94%
Latvia 181.17 5' 11"
94%
Lithuania 180.72 5' 11"
94%
Netherlands 183.78 6'
94%
Norway 180.48 5' 11"
94%
Slovakia 181.02 5' 11"
94%
Czechia 181.19 5' 11"
88%
Denmark 181.89 6'
88%
Estonia 182.79 6'
88%
Poland 180.69 5' 11"
88%
Slovenia 180.98 5' 11"
88%
Iceland 182.10 6'
81%
Serbia 180.74 5' 11"
81%
Ukraine 180.98 5' 11"
75%
Croatia 180.76 5' 11"
69%
Greece 179.26 5' 11"
69%
Montenegro 183.30 6'
69%
Bosnia and Herzegovina 182.47 6'
63%
Ireland 179.04 5' 10"
50%
Lebanon 178.96 5' 10"
6%
Dominica 180.15 5' 11"
0%
No matching quizzes found
Score Distribution
Percent of People with Each Score
Percentile by Number Answered
Your Score History
You have not taken this quiz